Seed production of selected horticultural crops: (Record no. 17020)

MARC details
000 -LEADER
fixed length control field 00652nam a22002057a 4500
003 - CONTROL NUMBER IDENTIFIER
control field BD-DhSAU
005 - DATE AND TIME OF LATEST TRANSACTION
control field 20230917102155.0
008 - FIXED-LENGTH DATA ELEMENTS--GENERAL INFORMATION
fixed length control field 230621b2014 ii a|||| |||| 001 0 eng d
020 ## - INTERNATIONAL STANDARD BOOK NUMBER
International Standard Book Number 9789351242802
040 ## - CATALOGING SOURCE
Original cataloging agency BD-DhSAU
082 ## - DEWEY DECIMAL CLASSIFICATION NUMBER
Edition number 22
Classification number 631.0421 Sh231
100 ## - MAIN ENTRY--PERSONAL NAME
Personal name Sharangi, A. B.
245 ## - TITLE STATEMENT
Title Seed production of selected horticultural crops:
Remainder of title vegetables, spices plantation crops flowers and ornamentals/
Statement of responsibility, etc. A. B. Sharangi
260 ## - PUBLICATION, DISTRIBUTION, ETC. (IMPRINT)
Place of publication, distribution, etc. New delhi:
Name of publisher, distributor, etc. Regency Publications,
Date of publication, distribution, etc. 2014
300 ## - PHYSICAL DESCRIPTION
Extent xi, 187p. :
Other physical details ills. ;
Dimensions 22 cm.
500 ## - GENERAL NOTE
General note Includes index.
650 ## - SUBJECT ADDED ENTRY--TOPICAL TERM
Topical term or geographic name as entry element Seed production
650 ## - SUBJECT ADDED ENTRY--TOPICAL TERM
Topical term or geographic name as entry element Horticultural Crops
942 ## - ADDED ENTRY ELEMENTS (KOHA)
Source of classification or shelving scheme Dewey Decimal Classification
Koha item type Book
Holdings
Withdrawn status Lost status Source of classification or shelving scheme Damaged status Not for loan Collection code Home library Branch Name Shelving location Date acquired Cost, normal purchase price Total Checkouts Full call number Barcode Date last seen Price effective from Koha item type
    Dewey Decimal Classification   Not For Loan Reference SAU Library SAU Library Reference 21/06/2023 1194.00   631.0421 Sh231 44723 17/09/2023 17/09/2023 Book
    Dewey Decimal Classification   Not For Loan Reference SAU Library SAU Library Reference 21/06/2023 1194.00   631.0421 Sh231 44744 09/11/2023 09/11/2023 Book